| 000 | 01142nam a2200205 i 4500 | ||
|---|---|---|---|
| 001 | 160957 | ||
| 003 | ES-MaACL | ||
| 005 | 20250719062544.0 | ||
| 008 | 041006s1873 fr |||| | fre d | ||
| 100 | 1 |
_aOlivecrona, Knut, _d1817-1905 _9166991 |
|
| 245 | 1 | 0 |
_aDes causes de la récidive et des moyens d'en restreindre les effects / _cpar K. d'Olivecrona ; [traduction par M. Jules-Henri Kramer]. |
| 260 |
_aParis : _bDurand & Pedone-Lauriel, _c1873 ( _eStockholm : _fImp. Norman) |
||
| 300 |
_a218, [2] p. ; _c23 cm. |
||
| 650 | 0 | 4 |
_aReincidencia. _916775 |
| 752 |
_aSuecia - _cEstocolmo |
||
| 852 |
_aES-MaACL _jD-103(1) _9166989 _bR.FOLL.9/1 _cSVI _dOlim: 193-C-11 _fSello en tinta en portada: "Donativo del Sr. Lastres al Ateneo de Madrid 1907" _hDonación: Francisco Lastres y Juiz _xEncuadernación holandesa _xEncuadernado con otras obras formando un volumen facticio _gAnotación manuscrita en cubierta: "Folletos penitenciarios, Tomo 11" _gDedicatoria manuscrita del autor Knut Olivecrona a Francisco Lastres |
||
| 903 |
_aLastres y Juiz, Francisco, _d1848-1918 _q1 _ednr _970504 |
||
| 942 | _2udc | ||
| 999 |
_c160957 _d160957 |
||